| 000 | 00429nam a22001577a 4500 | ||
|---|---|---|---|
| 003 | OSt | ||
| 005 | 20151022113002.0 | ||
| 008 | 140408s1996 sp ||||| |||| 00| 0 cat d | ||
| 040 |
_bcat _cCPC Lleida |
||
| 110 |
_93519 _aRàdio Reus |
||
| 245 | 1 | 0 |
_aHistòria gràfica de Ràdio Reus _b:1925-1995 _c[Xavier Bas] |
| 260 |
_aReus: _bRàdio Reus SER, _c1996. |
||
| 300 |
_a78 p. _c30,5 cm. |
||
| 710 |
_9264 _aCadena SER |
||
| 942 |
_cMON _2udc |
||
| 999 |
_c6715 _d6715 |
||